Kuttiedathi and other stories. (Record no. 156516)
[ view plain ]
| 000 -LEADER | |
|---|---|
| fixed length control field | 00517nam a2200205Ia 4500 |
| 003 - CONTROL NUMBER IDENTIFIER | |
| control field | OSt |
| 005 - DATE AND TIME OF LATEST TRANSACTION | |
| control field | 20230330102331.0 |
| 008 - FIXED-LENGTH DATA ELEMENTS--GENERAL INFORMATION | |
| fixed length control field | 210423s2006 xx 000 0 und d |
| 020 ## - INTERNATIONAL STANDARD BOOK NUMBER | |
| International Standard Book Number | 8125028979 |
| 040 ## - CATALOGING SOURCE | |
| Transcribing agency | AL |
| 041 ## - LANGUAGE CODE | |
| Language code of text/sound track or separate title | eng |
| 082 ## - DEWEY DECIMAL CLASSIFICATION NUMBER | |
| Classification number | 823.08 NAIM |
| 100 ## - MAIN ENTRY--PERSONAL NAME | |
| Personal name | NAIR (M T Vasudevan);others. |
| 9 (RLIN) | 79978 |
| 245 ## - TITLE STATEMENT | |
| Title | Kuttiedathi and other stories. |
| 260 ## - PUBLICATION, DISTRIBUTION, ETC. | |
| Place of publication, distribution, etc. | Chenni |
| Name of publisher, distributor, etc. | Orient Longman |
| Date of publication, distribution, etc. | 2006 |
| 300 ## - PHYSICAL DESCRIPTION | |
| Extent | xii,192 |
| Other physical details | PB |
| 365 ## - TRADE PRICE | |
| Price amount | 255 |
| Currency code | INR |
| 906 ## - LOCAL DATA ELEMENT F, LDF (RLIN) | |
| a | Kuttiedathi ; other ; stories. |
| 942 ## - ADDED ENTRY ELEMENTS (KOHA) | |
| Source of classification or shelving scheme | Dewey Decimal Classification |
| Koha item type | Book |
| Withdrawn status | Lost status | Damaged status | Not for loan | Collection code | Home library | Current library | Date acquired | Source of acquisition | Cost, normal purchase price | Total Checkouts | Full call number | Barcode | Date last seen | Price effective from | Koha item type |
|---|---|---|---|---|---|---|---|---|---|---|---|---|---|---|---|
| MA English | St Aloysius PG Library | St Aloysius PG Library | 02/18/2009 | Current books | 255.00 | 823.08 NAIM | PG002990 | 08/24/2022 | 04/26/2021 | Book |